Normal view
MARC view
- Law, Civil Law
Entry Topical Term
001 - CONTROL NUMBER
- control field: 128483
003 - CONTROL NUMBER IDENTIFIER
- control field: NUST
005 - DATE AND TIME OF LATEST TRANSACTION
- control field: 20250319102601.0
008 - FIXED-LENGTH DATA ELEMENTS
- fixed length control field: 250319|| aca||aabn | a|a d
040 ## - CATALOGING SOURCE
- Original cataloging agency: NUST
- Transcribing agency: NUST
150 ## - HEADING--TOPICAL TERM
- Topical term or geographic name entry element: Law, Civil Law
670 ## - SOURCE DATA FOUND
- Source citation: Work cat.: (NUST): Roosevelt III, Kermit 128482, The Myth of Judicial Activism:, 2006.
